LEADER 00992nam--2200361---450- 001 990003096750203316 005 20110808092205.0 035 $a000309675 035 $aUSA01000309675 035 $a(ALEPH)000309675USA01 035 $a000309675 100 $a20080416d1959----km-y0itay50------ba 101 $afre 102 $aFR 105 $a||||||||001yy 200 1 $a<> effet Glapion$eparapsychocomedie$fJacques Audiberti 210 $aParis$cGallimard$dcopyr. 1959 215 $a198 p.$d19 cm 225 2 $a<> manteau d'arlequin 410 0$12001$a<> manteau d'arlequin 454 1$12001 461 1$1001-------$12001 676 $a842.9 700 1$aAUDIBERTI,$bJacques$0469293 801 0$aIT$bsalbc$gISBD 912 $a990003096750203316 951 $aII.4.A.188$b3178 DSLL 959 $aBK 969 $aDSLL 979 $aDSLL$b90$c20080416$lUSA01$h1732 979 $aDSLL$b90$c20110808$lUSA01$h0922 996 $aEffet Glapion$91019196 997 $aUNISA LEADER 01222nam a2200301 i 4500 001 991000631659707536 008 041117s2003 maua b 001 0 eng d 020 $a0817643125 035 $ab13249575-39ule_inst 040 $aDip.to Matematica$beng 041 1 $aeng$hita 082 0 $a515$221 084 $aAMS 26-01 084 $aLC QA303.2.G5313 100 1 $aGiaquinta, Mariano$042383 240 10$aAnalisi matematica.$n1,$pFunzioni di una variabile.$lEnglish$91460752 245 10$aMathematical analysis :$bfunctions of one variable /$cMariano Giaquinta, Giuseppe Modica 260 $aBoston ;$aBasel ;$aBerlin :$bBirkhäuser,$cc2003 300 $axii, 353 p. :$bill. ;$c24 cm 504 $aIncludes bibliographical references (p. [343]-345) and index 650 0$aCalculus 700 1 $aModica, Giuseppe$eauthor$4http://id.loc.gov/vocabulary/relators/aut$056742 907 $a.b13249575$b02-04-14$c17-11-04 912 $a991000631659707536 945 $aLE013 26-XX GIA21 (2003)$g1$i2013000149547$lle013$op$pE118.00$q-$rl$s- $t0$u1$v0$w1$x0$y.i13957351$z09-12-04 996 $aAnalisi matematica. Funzioni di una variabile$91460752 997 $aUNISALENTO 998 $ale013$b17-11-04$cm$da $e-$feng$gmau$h0$i0 LEADER 01001nam a22002651i 4500 001 991001263069707536 005 20031028135444.0 008 040407s1993 uik|||||||||||||||||eng 020 $a033357835X 035 $ab12743781-39ule_inst 035 $aARCHE-072342$9ExL 040 $aDip.to Scienze Storiche$bita$cA.t.i. Arché s.c.r.l. Pandora Sicilia s.r.l. 082 04$a941.084 100 1 $aBaylis, John$0285736 245 14$aThe diplomacy of pragmatism :$bBritain and the formation of NATO, 1942-1949 /$cJohn Baylis 260 $aHoundmills :$bMacmillan,$c1993 300 $aXI, 194 p. ;$c23 cm 610 24$aNato$xStoria 651 4$aGran Bretagna$xPolitica estera$y1942-1949 907 $a.b12743781$b02-04-14$c16-04-04 912 $a991001263069707536 945 $aLE009 STOR.890-140$g1$i2009000362970$lle009$o-$pE0.00$q-$rl$s- $t0$u0$v0$w0$x0$y.i13280533$z16-04-04 996 $aDiplomacy of pragmatism$9265891 997 $aUNISALENTO 998 $ale009$b16-04-04$cm$da $e-$feng$guik$h4$i1